Extravagantes opúsculos amenos y curiosos de ilustres autores. (Record no. 53519)

MARC details
000 -LEADER
campo de control de longitud fija 01517nam a2200289 i 4500
001 - NÚMERO DE CONTROL
campo de control 53519
003 - IDENTIFICADOR DE NÚMERO DE CONTROL
campo de control ES-MaACL
005 - FECHA Y HORA DE LA ÚLTIMA TRANSACCIÓN
campo de control 20230906162800.0
007 - CAMPO FIJO DE DESCRIPCIÓN FÍSICA--INFORMACIÓN GENERAL
campo de control de longitud fija t|
008 - DATOS DE LONGITUD FIJA--INFORMACIÓN GENERAL
campo de control de longitud fija 951002s1884 sp |||| | spa d
040 ## - FUENTE DE CATALOGACIÓN
Centro catalogador/agencia de origen CAM
Lengua de catalogación spa
Centro/agencia transcriptor CAM
245 00 - MENCIÓN DEL TÍTULO
Título Extravagantes opúsculos amenos y curiosos de ilustres autores.
260 ## - PUBLICACIÓN, DISTRIBUCIÓN, ETC.
Lugar de publicación, distribución, etc. Barcelona :
Nombre del editor, distribuidor, etc. Daniel Cortezo,
Fecha de publicación, distribución, etc. 1884.
300 ## - DESCRIPCIÓN FÍSICA
Extensión VII, 9-274 p. ;
Dimensiones 21 cm.
490 1# - MENCIÓN DE SERIE
Mención de serie Biblioteca clásica española
505 8# - NOTA DE CONTENIDO CON FORMATO
Nota de contenido con formato Contiene: ;
Título Diálogos de apacible entretenimiento /
Mención de responsabilidad por Gaspar Lucas Hidalgo. --
Título Cartas de Don Juan de la Sal, Obispo de Bona, al Duque de Medinasidonia ;
-- Tractado de las tres grandes, conviene a saber, de la gran parlería, de la gran porfía y de la gran risa /
Mención de responsabilidad por Francisco de Villalobos. --
Título Declaración puesta a la postrera cena y capítulo de la comedia El Anfitrión /
Mención de responsabilidad por Francisco de Villalobos. --
Título Los tres maridos burlados /
Mención de responsabilidad por Tirso de Molina. --
Título Historia del abencerraje y la hermosa Jarifa /
Mención de responsabilidad por Antonio de Villegas
700 1# - ENTRADA AGREGADA--NOMBRE PERSONAL
Nombre de persona Hidalgo, Gaspar Lucas.
9 (RLIN) 63569
700 1# - ENTRADA AGREGADA--NOMBRE PERSONAL
Nombre de persona Villalobos, Francisco de.
9 (RLIN) 114956
700 1# - ENTRADA AGREGADA--NOMBRE PERSONAL
Nombre de persona Molina, Tirso de,
Fechas asociadas al nombre 1579-1648
9 (RLIN) 226522
700 1# - ENTRADA AGREGADA--NOMBRE PERSONAL
Nombre de persona Villegas, Antonio de.
9 (RLIN) 115201
740 02 - ENTRADA AGREGADA--TÍTULO RELACIONADO/ANALÍTICO NO CONTROLADO
Título relacionado o analítico no controlado Cartas de Don Juan de la Sal, Obispo de Bona, al Duque de Medinasidonia.
740 42 - ENTRADA AGREGADA--TÍTULO RELACIONADO/ANALÍTICO NO CONTROLADO
Título relacionado o analítico no controlado Los tres maridos burlados.
740 32 - ENTRADA AGREGADA--TÍTULO RELACIONADO/ANALÍTICO NO CONTROLADO
Título relacionado o analítico no controlado El abencerraje y la hermosa Jarifa.
830 0# - PUNTO DE ACCESO ADICIONAL DE SERIE-TÍTULO UNIFORME
Título uniforme Biblioteca clásica española
9 (RLIN) 182443
852 ## - LOCALIZACIÓN
Ubicación ES-MaACL
Número de control de estantería B-747
Holdings
Estatus retirado Estado de pérdida Estado de daño No para préstamo Colección Biblioteca de origen Biblioteca actual Ubicación en estantería Fecha de adquisición Fuente de adquisición Total de préstamos Signatura topográfica completa Código de barras Visto por última vez Precio de reemplazo Tipo de ítem Koha
        Libros del s. XIX Biblioteca del Ateneo de Madrid Biblioteca del Ateneo de Madrid Sala Pardo Bazán 17/01/2008     B-747 1056239 23/02/2023 23/02/2023 Libro impreso antiguo